1848-49. "Kik érted haltak, szent világszabadság!"

Bibliographic Details
Main Author: Nemeskürty, István, 1925- (Author)
Format: Book
Language:Hungarian
Published: Budapest [etc.] Lap-Ics [1998]
Subjects:

MARC

LEADER 00000nam a2200000 a 4500
001 vtls001397282
003 SK-MaSNL
005 20260302001105.0
008 251124s1998 HU ac r 0 hun
020 |a 9634343325  |c [372,00] 
035 |a SNK000351680 
040 |a SNK  |b slo  |c SNK  |e AACR2 
044 |a HU 
080 |a 323.2(439)"1848/1849"  |2 1981 
080 |a 943.6"1848/1849"  |2 1981 
100 1 |a Nemeskürty, István,  |d 1925-  |4 aut  |9 113201 
245 1 0 |a 1848-49. "Kik érted haltak, szent világszabadság!"  |c Nemeskürty István 
260 |a Budapest [etc.]  |b Lap-Ics  |c [1998] 
300 |a 383 s.  |c 21 cm 
648 7 |a 1848-1849  |2 SNK  |9 285913 
650 0 7 |a národnooslobodzovacie hnutia  |2 SNKPH  |9 168058 
651 7 |a Maďarsko  |2 SNKPHgeo  |9 16754 
655 7 |a monografie  |2 SNKPH  |9 70139 
919 |a 963-434-332-5 
999 |c 982425  |d 984355 
952 |t P60, <04>, [BOOK], {604}  |a SNK  |b SNK  |y VYP  |7 0  |p 17A0253249  |o snkIC 128929  |i snkV 1683/2000  |0 0  |1 0  |4 0  |d 2000-10-19  |l 0  |r 2005-01-02 00:00:00  |w 2026-02-24